Specialist floor finishes (Record no. 76698)

MARC details
000 -LEADER
fixed length control field 00871nam a2200217 a 4500
008 - FIXED-LENGTH DATA ELEMENTS--GENERAL INFORMATION
fixed length control field 120416s1988 ||||||||||||||||| || u
020 ## - INTERNATIONAL STANDARD BOOK NUMBER
International Standard Book Number 0216922518
050 ## - LIBRARY OF CONGRESS CALL NUMBER
Classification number TH 2529 .C6 Cat
100 ## - MAIN ENTRY--PERSONAL NAME
Personal name Cattell, D
245 10 - TITLE STATEMENT
Title Specialist floor finishes
246 ## -
-- design and installation
260 ## - PUBLICATION, DISTRIBUTION, ETC.
Place of publication, distribution, etc. London
Name of publisher, distributor, etc. Blackie & Son
Date of publication, distribution, etc. 1988
300 ## - PHYSICAL DESCRIPTION
Extent x, 134p. : ill.
350 ## -
-- 0.00
650 ## - SUBJECT ADDED ENTRY--TOPICAL TERM
Topical term or geographic name entry element FLOORING, TILE--DESIGN AND CONSTRUCTION
650 ## - SUBJECT ADDED ENTRY--TOPICAL TERM
Topical term or geographic name entry element CONCRETE
650 ## - SUBJECT ADDED ENTRY--TOPICAL TERM
Topical term or geographic name entry element FLOORS, CONCRETE--DESIGN AND CONSTRUCTION
650 ## - SUBJECT ADDED ENTRY--TOPICAL TERM
Topical term or geographic name entry element INDUSTRIAL
995 ## -
-- MAIN LIBRARY OPEN ACCESS
-- 0.00
-- 721024
-- CBU-MAIN LIBRARY (Kitwe)
-- 1
-- 27.00
-- TH 2529.C6 Cat
-- 1
-- AVAILABLE
-- 015333
-- Main Library Open Access Collection
995 ## -
-- MAIN LIBRARY OPEN ACCESS
-- 0.00
-- 722058
-- CBU-MAIN LIBRARY (Kitwe)
-- 2
-- 27.00
-- TH 2529.C6 Cat
-- 2
-- AVAILABLE
-- 015332
-- Main Library Open Access Collection
999 ## -
-- 76698
-- 76698
Holdings
Withdrawn status Lost status Source of classification or shelving scheme Damaged status Not for loan Permanent Location Current Location Shelving location Date acquired Total Checkouts Full call number Barcode Date last seen Copy number Price effective from Koha item type
          CBU-MAIN LIBRARY, KITWE. CBU-MAIN LIBRARY, KITWE.   04/25/2023   TH 2529 .C6 Cat 015333 04/25/2023 1 04/25/2023 MONOGRAPH
          CBU-MAIN LIBRARY, KITWE. CBU-MAIN LIBRARY, KITWE.   04/25/2023   TH 2529 .C6 Cat 015332 04/25/2023 2 04/25/2023 MONOGRAPH